Tennis : Classement ATP - mai 2022 - Statistiques

Statistiques générales
  • Ce quiz a été pris 1 920 fois
  • Le résultat moyen est 16 sur 20
Statistiques - réponses
Classement * Mois dernier An dernier Joueur Points % Correct
1 = = Novak Djokovic 8 400
100%
4 = - 2 Rafael Nadal 6 435
99%
3 = + 3 Alexander Zverev 7 420
97%
2 = + 1 Daniil Medvedev 8 080
97%
5 = = Stefanos Tsitsipas 5 690
97%
9 + 2 + 111 Carlos Alcaraz 3 818
94%
7 = + 15 Casper Ruud 4 110
94%
12 = + 6 Jannik Sinner 3 015
90%
8 = - 1 Andrey Rublev 4 025
86%
10 - 1 + 10 Felix Auger-Aliassime 3 625
81%
20 + 8 - 3 Grigor Dimitrov 1 750
79%
6 = + 4 Matteo Berrettini 4 495
79%
11 - 1 + 37 Cameron Norrie 3 335
74%
16 - 1 - 2 Denis Shapovalov 2 671
70%
14 = + 2 Hubert Hurkacz 3 008
70%
13 = + 27 Taylor Fritz 3 010
70%
15 + 1 - 6 Diego Schwartzman 2 805
63%
18 - 1 - 6 Pablo Carreno Busta 2 135
58%
19 = - 8 Roberto Bautista Agut 1 993
52%
17 + 1 + 29 Reily Opelka 2 465
27%
Aucun quiz correspondant
Distribution des résultats
% des personnes avec chaque résultat
Percentile par nombre de réponses
Votre historique - résultats
Vous n’avez pas pris ce quiz